000 00443cam a22001337a 4500
008 180718b1973 xxu||||| |||| 00| 0 eng d
082 _aT3942x54 In2/Seri/1973
100 _aTariff Commission
245 _aReport on the biennial review of the Sericulture Industry
_cby Tariff Commission, India
260 _aDelhi
_bThe Controller of Publications
_c1973
300 _a83+p.
500 _aChairman: D.P. Anand
700 _aAnand, D.P. (Chairman)
999 _c489791
_d489791